Arab World Society, Culture, and State (Record no. 12380)

MARC details
000 -LEADER
fixed length control field 00631nam a2200241 a 4500
020 ## - INTERNATIONAL STANDARD BOOK NUMBER
ISBN 0520276
082 00 - DEWEY DECIMAL CLASSIFICATION NUMBER
Classification number 909.0974927
Author Cutter BAR
100 ## - MAIN ENTRY--AUTHOR NAME
Author name Barkat, Halim
245 ## - TITLE STATEMENT
Title Arab World Society, Culture, and State
260 ## - PUBLICATION, DISTRIBUTION, ETC. (IMPRINT)
Place of publication Berkeley
Name of publisher University of California Press
Year of publication 1993
300 ## - PHYSICAL DESCRIPTION
Number of Pages 348p
500 ## - GENERAL NOTE
General note includes index and biblioraphy
505 2# - FORMATTED CONTENTS NOTE
Formatted contents note Index
650 ## - SUBJECT ADDED ENTRY--TOPICAL TERM
Topical Term Civilization-Arab-20th Century
942 ## - ADDED ENTRY ELEMENTS (KOHA)
Koha item type Books
700 1# -
-- Barkat, Halim
Holdings
Collection code Home library Current library Date acquired Cost, normal purchase price Full call number Accession Number Koha item type
  Henry Martyn Institute Library Henry Martyn Institute Library 06/05/2007 441.00 909.0974927 BAR 019307 Books
                   Copyright © 2026 | Henry Martyn Institute | Hyderabad | TS-500052 | INDIA | Implemented by hmi.edu.in
Hit-Count:

Powered by Koha